00646nam a22001097a 4500040000800000082002700008100005200035245031400087260002600401300002200427856008700449 cRUA aAGR PHA 2017 B644 Or.1 aPHANN CHENDA​ ផាន់ ចិន្តា apesticide utilization on dry season rice in boreichulsa district takeo province ការប្រើប្រាស់ថ្នាំកសិកម្មទៅលើដំណាំស្រូវប្រាំងនៅក្នុងស្រុកបូរីជលសារ ខេត្តតាកែវ aRUAbPhnom Penhc2017 ax;59pbill;c29cm uhttps://drive.google.com/file/d/1KrRrwKSl-QlEP2MWA7gnIfUp6tKQnCgy/view?usp=sharing